Euro 2024: Liste des bleus - Statistiques

Statistiques générales
  • Ce quiz a été pris 445 fois
  • Le résultat moyen est 22 sur 25
Statistiques - réponses
Club Poste Réponse % Correct
Paris Saint Germain (Real Madrid) Attaquants Kylian Mbappé
98%
AC Milan Gardiens Mike Maignan
97%
Atlético de Madrid Milieux Antoine Griezmann
96%
Al Ittihad Milieux N'Golo Kanté
96%
AC Milan Attaquants Olivier Giroud
95%
Paris Saint Germain Attaquants Ousmane Dembélé
94%
AC Milan Défenseurs Théo Hernandez
94%
West Ham United Gardiens Alphonse Areola
93%
FC Barcelone Défenseurs Jules Koundé
93%
Real Madrid Milieux Eduardo Camavinga
92%
Real Madrid Milieux Aurélien Tchouaméni
91%
Inter Milan Défenseurs Benjamin Pavard
90%
Inter Milan Attaquants Marcus Thuram
90%
Arsenal Défenseurs William Saliba
90%
Juventus Milieux Adrien Rabiot
89%
Bayern Munich Défenseurs Dayot Upamecano
88%
Bayern Munich Attaquants Kingsley Coman
88%
Paris Saint Germain Attaquants Randal Kolo Muani
88%
Paris Saint Germain Attaquants Bradley Barcola
87%
RC Lens Gardiens Brice Samba
87%
Liverpool Défenseurs Ibrahima Konaté
87%
Real Madrid Défenseurs Ferland Mendy
84%
Olympique de Marseille Défenseurs Jonathan Clauss
82%
Paris Saint Germain Milieux Warren Zaïre-Emery
82%
AS Monaco Milieux Youssouf Fofana
77%
Aucun quiz correspondant
Distribution des résultats
% des personnes avec chaque résultat
Percentile par nombre de réponses
Votre historique - résultats
Vous n’avez pas pris ce quiz